From scapegoat to hero (Record no. 117505)

MARC details
000 -LEADER
fixed length control field 01266cam a2200229 4500
001 - CONTROL NUMBER
control field ABS67899
008 - FIXED-LENGTH DATA ELEMENTS--GENERAL INFORMATION
fixed length control field 040611n2004 000 0 eng u
035 ## - SYSTEM CONTROL NUMBER
System control number (Sirsi) u126464
100 ## - MAIN ENTRY--PERSONAL NAME
Personal name Snow, J.
245 ## - TITLE STATEMENT
Title From scapegoat to hero
260 ## - PUBLICATION, DISTRIBUTION, ETC.
Date of publication, distribution, etc. 2004
490 ## - SERIES STATEMENT
Series statement Estates Gazette
Volume/sequential designation (0422) 29 May 2004, 130-131(2)
520 ## - SUMMARY, ETC.
Summary, etc. Traces the evolution of property research departments within leading firms of chartered surveyors over the last 30 years. Notes changing attitudes towards investment in research activities highlighting the marketing and public relation benefits through producing regular market commentaries and review. Firms such as FPDSavills and Knight Frank have adopted a profit-centred approach with an internal market for research services charged out at cost together with charging fees for external customers. Whilst database maintenance, market commentary and sector publications are still research outputs, value-adding analysis, forecasting and consulting activities are seen as important components of research activities.
590 ## - LOCAL NOTE (RLIN)
Local note ABS
590 ## - LOCAL NOTE (RLIN)
Local note ABS
650 ## - SUBJECT ADDED ENTRY--TOPICAL TERM
Topical term or geographic name entry element MARKET RESEARCH
650 ## - SUBJECT ADDED ENTRY--TOPICAL TERM
Topical term or geographic name entry element STATISTICS
650 ## - SUBJECT ADDED ENTRY--TOPICAL TERM
Topical term or geographic name entry element MARKET DATA
650 ## - SUBJECT ADDED ENTRY--TOPICAL TERM
Topical term or geographic name entry element FORECASTING
690 ## - LOCAL SUBJECT ADDED ENTRY--TOPICAL TERM (OCLC, RLIN)
Topical term or geographic name as entry element Business and management
9 (RLIN) 6226
942 ## - ADDED ENTRY ELEMENTS (KOHA)
Suppress in OPAC 0
Holdings
Withdrawn status Lost status Source of classification or shelving scheme Damaged status Not for loan Home library Current library Shelving location Date acquired Total Checkouts Full call number Barcode Date last seen Copy number Price effective from Koha item type
    Dewey Decimal Classification     London London Journal article 11/06/2004   ABS67899 126464-1001 06/08/2019 1 06/08/2019 Journal article